Khám phá những bí ẩn về UFO và về bầu trời. t.III /

में बचाया:
ग्रंथसूची विवरण
मुख्य लेखक: Lưu Hạnh
स्वरूप: Sách giấy
भाषा:Vietnamese
प्रकाशित: H. : Văn hoá - Thông tin, 2004
श्रृंखला:Khám phá những điều khó lý giải; 3
Tủ sách tri thức
विषय:
टैग : टैग जोड़ें
कोई टैग नहीं, इस रिकॉर्ड को टैग करने वाले पहले व्यक्ति बनें!
Thư viện lưu trữ: Thư viện Trường Đại học Đà Lạt
LEADER 00886nam a2200337 4500
001 DLU060051561
005 ##20060314
040 # # |a DLU  |b vie 
041 # # |a vie 
044 # # |a vn 
082 # # |a 001.9  |b LU-H 
100 # # |a Lưu Hạnh 
245 # # |a Khám phá những bí ẩn về UFO và về bầu trời.  |n t.III /  |c Lưu Hạnh 
260 # # |a H. :  |b Văn hoá - Thông tin,  |c 2004 
300 # # |a 185 tr. :  |b minh hoạ ;  |c 21 cm 
490 # # |a Khám phá những điều khó lý giải;   |v 3 
490 # # |a Tủ sách tri thức 
653 # # |a Đại dương 
653 # # |a Động vật 
653 # # |a Hiện tượng siêu tự nhiên 
923 # # |a 66/2005 
990 # # |a t.III 
992 # # |a 23.500 
994 # # |a DLU 
900 # # |a True 
911 # # |a Đào Thị Thu Huyền 
925 # # |a G 
926 # # |a A 
927 # # |a SH 
980 # # |a Thư viện Trường Đại học Đà Lạt